QUEST Central Library Banner

Structural Analysis (Record no. 66965)

MARC details
000 -LEADER
fixed length control field 00385nam a22001577a 4500
020 ## - INTERNATIONAL STANDARD BOOK NUMBER
ISBN 9789332584167
082 ## - DEWEY DECIMAL CLASSIFICATION NUMBER
Classification number 624.171HIB
100 ## - MAIN ENTRY--AUTHOR NAME
Personal name Hibbeler, R.C
245 ## - TITLE STATEMENT
Title Structural Analysis
250 ## - EDITION STATEMENT
Edition statement 9th ed.
260 ## - PUBLICATION, DISTRIBUTION, ETC. (IMPRINT)
Place of publication New Delhi:
Name of publisher Pearson,
Year of publication 2019.
300 ## - PHYSICAL DESCRIPTION
Number of Pages 691p. ;
650 ## - SUBJECT ADDED ENTRY--TOPICAL TERM
Topical Term Structural Analysis
856 ## - ELECTRONIC LOCATION AND ACCESS
Uniform Resource Identifier http://10.10.170.122:8080/browse/book/14006
942 ## - ADDED ENTRY ELEMENTS (KOHA)
Koha item type Books
Holdings
Withdrawn status Lost status Home library Current library Shelving location Date acquired Full call number Accession Number Koha item type
    Reference Section Reference Section Reference 24/06/2021 624.171HIB (Shelf-71D) 58394 Books
    Reference Section Reference Section Reference 24/06/2021 624.171HIB (Shelf - 71D) 58390 Books
    Reference Section Reference Section   24/06/2021 624.171HIB (Shelf - 71D) 58391 Books
    Reference Section Reference Section Reference 24/06/2021 624.171HIB (Shelf - 71D) 58392 Books
    Reference Section Reference Section Reference 24/06/2021 624.171HIB (Shelf - 71D) 58393 Books
    Reference Section Reference Section   24/06/2021 624.171HIB (Shelf - 71D) 58395 Books
    Reference Section Reference Section Reference 24/06/2021 624.171HIB (Shelf - 71D) 58396 Books
    Reference Section Reference Section Reference 24/06/2021 624.171HIB (Shelf - 71D) 58512 Books
    Reference Section Reference Section Reference 24/06/2021 624.171HIB (Shelf - 71D) 58513 Books

Copyright © 2018,The QUEST, Nawabshah, Shaheed Benazirabad. All rights reserved
Mr. G. Farooq Channar (Librarian) QUEST, Nawabshah, Sindh, Pakistan 67480.
 Ph#: |   0244-9370381-4 Ext. 2308   Email| lib@quest.edu.pk   Web|  http://www.quest.edu.pk